LEADER 02197nam0 22004213i 450 001 BVEE095815 005 20170908093237.0 012 $an-rg e.st p.N. don' (3) 1762 (R)$2fei 100 $a20150617d1762 ||||0itac50 ba 101 | $afre 102 $ade 181 1$6z01$ai $bxxxe 182 1$6z01$an 200 1 $aComédies grecques d'Aristophane. Traduites en françois, avec des notes critiques, et un examen de chaque piéce selon les régles du théatre. Par Madame Dacier 210 $aA Altenbourg$cchez Paul Emanuel Richter$d1762 215 $aLXVI, 365, [1] p.$d8° 300 $aSegn.: a-d⁸ e² (-e2) A-Y⁸ Z⁶ χ¹ 300 $aVignetta calcografica sul front. sottoscritta da Johann Heinrich Meil 316 $a1 v. (Timbro RB sul front.)$5IT-NA0079, V.F. 111 C 32 620 $aDE$dAltenburg$3RMSL000089 700 0$aAristophanes$3CFIV018870$4070$0160835 702 1$aMeil$b, Johann Heinrich$c $3NAPV129755$4350 702 1$aDacier$b, Anne$f $3SBLV195512$4340 712 02$aRichter, Paul Emanuel$3TO0V560352$4650 790 0$aAristofane$3CFIV018871$zAristophanes 790 0$aAristofanīs$3CFIV316949$zAristophanes 790 0$aDacier$c $3PARV429896$zDacier, Anne 790 1$aDacier$b, Anne Lefevre$3PAVV029674$zDacier, Anne 790 0$aLe Fevre$c $3RMLV037936$zDacier, Anne 790 1$aLefevre$b, Anne$3UBOV623512$zDacier, Anne 790 1$aFaber$b, Anna$3UBOV623515$zDacier, Anne 801 3$aIT$bIT-NA0079$c20150617 850 $aIT-NA0079 912 $aBVEE095815 950 0$aBiblioteca Nazionale Vittorio Emanuele III$c1 v.$d BNV.F. 111 C 32$e BNVA10015531805 H 1 v. (Timbro RB sul front.)$fC $h20150617$i20150617$lTimbro RB sul front.$mTimbri storici della biblioteca proprietaria 977 $a BN 996 $aComédies grecques d'Aristophane. Traduites en françois, avec des notes critiques, et un examen de chaque piéce selon les régles du théatre. Par Madame Dacier$91482864 997 $aUNISANNIO LEADER 02013oam 2200469M 450 001 9910716370603321 005 20200213070556.4 035 $a(CKB)5470000002520427 035 $a(OCoLC)1065909219 035 $a(OCoLC)995470000002520427 035 $a(EXLCZ)995470000002520427 100 $a20071213d1926 ua 0 101 0 $aeng 135 $aurcn||||||||| 181 $ctxt$2rdacontent 182 $cc$2rdamedia 183 $acr$2rdacarrier 200 10$aPay of surgeons employed on the Alaska Railroad. February 22, 1926. -- Committed to the Committee of the Whole House and ordered to be printed. March 29, 1926. -- Committee of the Whole House discharged, and bill recommitted to the Committee of the Whole House on the State of the Union 210 1$a[Washington, D.C.] :$c[U.S. Government Printing Office],$d1926. 215 $a1 online resource (6 pages) 225 1 $aHouse report / 69th Congress, 1st session. House ;$vno. 355 225 1 $a[United States congressional serial set] ;$v[serial no. 8531] 300 $aBatch processed record: Metadata reviewed, not verified. Some fields updated by batch processes. 300 $aFDLP item number not assigned. 606 $aGovernment corporations 606 $aRailroads 606 $aSurgeons 606 $aWages 608 $aLegislative materials.$2lcgft 615 0$aGovernment corporations. 615 0$aRailroads. 615 0$aSurgeons. 615 0$aWages. 701 $aCurry$b Charles F$g(Charles Forrest),$f1858-1930$pRepublican (CA)$01392537 801 0$bWYU 801 1$bWYU 801 2$bOCLCO 801 2$bOCLCQ 906 $aBOOK 912 $a9910716370603321 996 $aPay of surgeons employed on the Alaska Railroad. February 22, 1926. -- Committed to the Committee of the Whole House and ordered to be printed. March 29, 1926. -- Committee of the Whole House discharged, and bill recommitted to the Committee of the Whole House on the State of the Union$93502413 997 $aUNINA